• 首页
  • 本馆介绍
  • 公告通知
  • 最新文献
  • 馆藏检索
  • 电子资源
  • 读者导购
  • 参考咨询
  • 我的图书馆
  • 登录
  • 详细信息显示
  • 放入我的书架
  • 预约/预借图书
  • 作者相关作品
  • 分类相关作品
  • 丛书相关作品
  • 出版社相关作品

书目信息

  • 表格格式
  • 工作单格式
  • 卡片格式
题名:
中国远距离高等教育的结构和功能
    
 
作者: 黄梅英 著
分册:  
出版信息: 北京   中央广播电视大学出版社  1999.12
页数: 231页
开本: 20cm
丛书名:
单 册:
中图分类: G432
科图分类:
主题词: 电化教育--电化教育
电子资源:
ISBN: 7-304-01642-6
000 00627nam0 2200193 450
001 0834190276
005 20080620093057.03
010    @a7-304-01642-6@dCNY10.80
100    @a20080620d1999 km y0chiy0120 ea
101 0  @achi
102    @aCN@b110000
200 1  @a中国远距离高等教育的结构和功能@Azhong guo yuan ju li gao deng jiao yu de jie gou he gong neng@f黄梅英著@Fhuang mei ying zhu
210    @a北京@c中央广播电视大学出版社@d1999.12
215    @a231页@d20cm
606 0  @a电化教育@a电化教育
690    @aG432@v4
701  0 @a黄梅英@Ahuang mei ying@4著
801  0 @aCN@b山东省滨州职业学院图书馆@c20080620
905    @aBZT@dG432@e1
    
    中国远距离高等教育的结构和功能/黄梅英著.-北京:中央广播电视大学出版社,1999.12
    231页;20cm
    
    
    ISBN 7-304-01642-6:CNY10.80
    
●
相关链接 在五车中查询图书 在当当中查询图书 在豆瓣中查询图书


正题名:中国远距离高等教育的结构和功能     索取号:G432/1         预约/预借

序号 登录号 条形码 馆藏地/架位号 状态 备注
1 683384   2000683384   中心书库北库/ 北库031架A面1列1层4/ [索取号:G432/1] 在馆    
2 683385   2000683385   中心书库北库/ 北库031架A面1列1层5/ [索取号:G432/1] 在馆    
3 683386   2000683386   中心书库北库/ 北库031架A面1列1层6/ [索取号:G432/1] 在馆    
4 683387   2000683387   中心书库北库/ 北库031架A面1列1层7/ [索取号:G432/1] 在馆    
5 683388   2000683388   中心书库北库/ 北库031架A面1列1层8/ [索取号:G432/1] 在馆    
6 683389   2000683389   中心书库北库/ 北库031架A面1列1层9/ [索取号:G432/1] 在馆    
山东省滨州职业学院图书馆 欢迎您!
大连网信软件有限公司© 版权所有